000 00973nam a22002657a 4500
001 BR8702334
003 BR-BrBNA
005 20230928092453.0
007 ta
008 230509b bl.||||| |||| 00| 0 por d
040 _aBR-BrBNA
_bpor
_cBiblioteca Nacional de Agricultura
041 _a(Por)
072 _aC20
_b/G514
090 _ C20 BR8702334
110 1 _aAssociacao de Credito e Assistencia Rural de Santa Catarina, Florianopolis (Brasil);
110 1 _aEmpresa de Assistencia Tecnica e Extensao Rural do Estado de Santa Catarina, Florianopolis (Brasil)
_94031
245 1 _aProjeto para o desenvolvimento do Nucleo de Assentamento de Jovens Rurais 4-S [Santa Catarina, Brasil]
260 3 _aFlorianopolis, SC (Brasil):
_c[nd].
300 _a68 p.
500 _a34 tables. (*) Documento disponível na(o) CEAGRI, Florianopolis, SC (Brazil)
650 _aEXTENSAO RURAL
650 _aSANTA CATARINA
909 _a202309
_bLucia
_c55
_dLucia Elande
942 _cBK
999 _c39258
_d39258